Reshae Hina (Record no. 1840)
[ view plain ]
| 000 -LEADER | |
|---|---|
| fixed length control field | 00211 a2200085 4500 |
| 082 ## - DEWEY DECIMAL CLASSIFICATION NUMBER | |
| Classification number | 891.4391 NAQ |
| 100 ## - MAIN ENTRY--PERSONAL NAME | |
| Personal name | Naqvi, Qamar |
| 245 ## - TITLE STATEMENT | |
| Title | Reshae Hina |
| Statement of responsibility, etc. | Qamar Naqvi |
| 260 ## - PUBLICATION, DISTRIBUTION, ETC. | |
| Place of publication, distribution, etc. | Lahore : |
| Name of publisher, distributor, etc. | Tayyab Iqbal Printers, |
| Date of publication, distribution, etc. | 1994 |
| 300 ## - PHYSICAL DESCRIPTION | |
| Extent | 264p. : |
| Dimensions | 26 cm |
| Withdrawn status | Lost status | Damaged status | Not for loan | Permanent Location | Current Location | Shelving location | Date acquired | Total Checkouts | Full call number | Barcode | Date last seen | Price effective from | Koha item type |
|---|---|---|---|---|---|---|---|---|---|---|---|---|---|
| School of Civil and Environmental Engineering (SCEE) | School of Civil and Environmental Engineering (SCEE) | 891.4391 NAQ | NIT-6010 | 01/05/2017 | 01/05/2017 | Book | |||||||
| School of Civil and Environmental Engineering (SCEE) | School of Civil and Environmental Engineering (SCEE) | NIT-6011 | 01/05/2017 | 01/05/2017 | Book | ||||||||
| School of Civil and Environmental Engineering (SCEE) | School of Civil and Environmental Engineering (SCEE) | NIT-6012 | 01/05/2017 | 01/05/2017 | Book |
